00555cam a22002291 4500001001300000003000400013005001700017008004100034010001700075025001900092035002000111040002100131042001200152050002000164100002800184245003500212260001100247300001900258500001600277650001500293999001700308sa 67001421 DLC20260227112322.0940805s1962 ii 000 0 pano  asa 67001421  aPL480:I-Pu-823 a(OCoLC)30890893 aDLCcCUdCUdDLC apremarc00aBJ1588.P3bS4941 aSingh, Gurbaksh,d1895-10aSwai-pūranatā dī lagana. c[1962] a170 p.c18 cm. aIn Panjabi. 0aCharacter. c72621d72621